000 00570cam a22002053a 4500
001 41372
003 PGUSA
005 20140828083930.0
008 121116s2012||||xxu|||||s|||||000 | eng d
040 _aPGUSA
_beng
042 _adc
245 1 0 _aWillis's Current Notes :
_bVolume 2 February Issue
_h[electronic resource]
260 _bProject Gutenberg,
_c2012
506 _aPublic domain in the USA.
516 _aElectronic text
700 1 _aWillis, George
830 0 _aProject Gutenberg
_v41372
856 4 0 _uhttp://www.gutenberg.org/ebooks/41372
942 _cEB
999 _c270624
_d270624